| 000 | 00900njm a22002177a 4500 | ||
|---|---|---|---|
| 005 | 2010083104424.0 | ||
| 007 | sd ammalaaahaa | ||
| 008 | 100830t xxu||||| |||| 00| 0 eng d | ||
| 028 |
_aN.16344 _bHis Master's Voice |
||
| 028 | _aOMC.13443 | ||
| 035 | _aGR-28 | ||
| 245 |
_aGhar aayo pootan pyara meero bhajan / _csung by Kumari Juthika Ray _h[sound recording] : |
||
| 260 |
_aDum Dum , India _bHis Master's Voice |
||
| 300 |
_a1 sound disc [GramphoneRecording] : _banalog, 33 1/3 rpm _c9.5 in (MP) _fGramphones Records |
||
| 500 | _aBrief Record | ||
| 505 | _aGhar aayo pootan pyara meero bhajan (Kumari Juthika Ray)-- Piyo eteni venethi suno moro moro bhanjan(Kumari Juthika Ray). | ||
| 650 |
_xExcerpts _zIndia _917514 _aMotion picture music |
||
| 700 |
_aRay, Kumari Juthika _917515 |
||
| 942 |
_2ddc _cGR |
||
| 999 |
_c43192 _d43192 |
||